[Event "Adelaide Checkmate op"]
[Site "Adelaide"]
[Date "2007.07.08"]
[Round "7"]
[White "Obst, James"]
[Black "West, Guy"]
[Result "0-1"]
[WhiteElo "2234"]
[BlackElo "2291"]
[PlyCount "80"]
[EventDate "2007.07.07"]
[EventType "swiss"]
[EventRounds "7"]
[EventCountry "AUS"]
[SourceTitle "EXT 2010"]
[Source "ChessBase"]
[SourceDate "2010.11.25"]
[SourceVersion "1"]
[SourceVersionDate "2010.11.25"]
[SourceQuality "1"]

1. e4 d5 2. exd5 Nf6 3. d4 Bg4 4. Bb5+ Nbd7 5. f3 Bf5 6. g4 Bg6 7. Nc3 Nxd5 8. Nxd5 c6 9. h4 h6 10. Nf4 Qa5+ 11. c3 Qxb5 12. Nxg6 fxg6 13. Qe2 Qxe2+ 14. Nxe2 e5 15. dxe5 Nxe5 16. Bf4 Nd3+ 17. Kd2 Nxb2 18. Kc2 Nc4 19. Nd4 Bd6 20. Bxd6 Nxd6 21. Rad1 Nc4 22. Kb3 Nb6 23. Rhe1+ Kf7 24. f4 Rhe8 25. f5 Rxe1 26. Rxe1 Nd5 27. fxg6+ Kxg6 28. c4 Nf6 29. Re7 Nxg4 30. Rxb7 Ne5 31. Re7 c5 32. h5+ Kf6 33. Re6+ Kf7 34. Rxe5 cxd4 35. c5 Rd8 36. Kc4 d3 37. Re1 d2 38. Rd1 Kf6 39. c6 Ke5 40. Kb5 Rd5+ 0-1

[Event "Adelaide Checkmate op"]
[Site "Adelaide"]
[Date "2007.07.07"]
[Round "3"]
[White "Obst, James"]
[Black "Tao, Trevor"]
[Result "0-1"]
[WhiteElo "2234"]
[BlackElo "2354"]
[PlyCount "51"]
[EventDate "2007.07.07"]
[EventType "swiss"]
[EventRounds "7"]
[EventCountry "AUS"]
[SourceTitle "EXT 2010"]
[Source "ChessBase"]
[SourceDate "2010.11.25"]
[SourceVersion "1"]
[SourceVersionDate "2010.11.25"]
[SourceQuality "1"]

1. d4 e6 2. e4 d5 3. e5 c5 4. c3 Nc6 5. Nf3 Nge7 6. a3 Nf5 7. b4 cxd4 8. cxd4 Qb6 9. Bb2 Be7 10. Bd3 Bd7 11. Nbd2 a5 12. b5 Ncxd4 13. Nxd4 Nxd4 14. Qg4 Nf5 15. Bxf5 exf5 16. Qxg7 0-0-0 17. Qxf7 Bc5 18. Rc1 Kb8 19. 0-0 Bxb5 20. Rxc5 Qxc5 21. Rc1 Qb6 22. e6 d4 23. a4 Bxa4 24. Ba3 Bc6 25. Bc5 Qb2 26. h3 0-1

[Event "Wch U16"]
[Site "Batumi"]
[Date "2006.10.25"]
[Round "8"]
[White "Tologontegin, Semetey"]
[Black "Obst, James"]
[Result "1-0"]
[WhiteElo "2325"]
[BlackElo "2106"]
[PlyCount "43"]
[EventDate "2006.10.19"]
[EventType "swiss"]
[EventRounds "13"]
[EventCountry "GEO"]
[SourceTitle "EXT 2007"]
[Source "ChessBase"]
[SourceDate "2006.11.23"]
[SourceVersion "1"]
[SourceVersionDate "2006.11.23"]
[SourceQuality "1"]

1. e4 c5 2. Nf3 e6 3. d4 cxd4 4. Nxd4 Qb6 5. Nb3 Qc7 6. g3 a6 7. Bg2 b5 8. Bf4 d6 9. 0-0 Bb7 10. N1d2 Nd7 11. c4 b4 12. c5 Nxc5 13. Nxc5 Qxc5 14. Rc1 Qb5 15. Nc4 e5 16. Nxd6+ Bxd6 17. Qxd6 exf4 18. Rfd1 Qg5 19. Qd7+ Kf8 20. Qxb7 Re8 21. Rd7 Nh6 22. Rc8 1-0

[Event "Wch U16"]
[Site "Batumi"]
[Date "2006.10.21"]
[Round "3"]
[White "Obst, James"]
[Black "Morales Garcia, Sergio Joshafatt"]
[Result "0-1"]
[WhiteElo "2106"]
[BlackElo "2230"]
[PlyCount "134"]
[EventDate "2006.10.19"]
[EventType "swiss"]
[EventRounds "13"]
[EventCountry "GEO"]
[SourceTitle "EXT 2007"]
[Source "ChessBase"]
[SourceDate "2006.11.23"]
[SourceVersion "1"]
[SourceVersionDate "2006.11.23"]
[SourceQuality "1"]

1. Nf3 Nf6 2. d4 g6 3. Nc3 d5 4. Bf4 Bg7 5. e3 0-0 6. Be2 c5 7. dxc5 Qa5 8. Nd2 Qxc5 9. Nb3 Qb6 10. Nb5 Na6 11. Be5 Bf5 12. Bd4 Qd8 13. c3 b6 14. Be5 Ne8 15. Bxg7 Kxg7 16. N5d4 Bc8 17. e4 dxe4 18. Qc2 Nf6 19. Rd1 Qc7 20. 0-0 Nc5 21. Nxc5 Qxc5 22. b4 Qc7 23. c4 Bb7 24. c5 bxc5 25. bxc5 Rac8 26. Rc1 Rfd8 27. Qa4 Qe5 28. Nb3 Nd5 29. c6 Ba8 30. Rfe1 Nc3 31. Qxa7 Nxe2+ 32. Rxe2 Bxc6 33. Rec2 Qd5 34. h4 Bd7 35. Rxc8 Rxc8 36. Rxc8 Bxc8 37. Qxe7 Be6 38. Qc7 h6 39. Qc3+ Kh7 40. Kh2 Qh5 41. g3 Qe2 42. Qd2 Qf1 43. Nd4 Bh3 44. f3 e3 45. Qe2 Qxe2+ 46. Nxe2 Bf1 47. Nc1 Bc4 48. Kg2 g5 49. hxg5 hxg5 50. g4 Kg6 51. Nb3 Kf6 52. Nd4 Ke5 53. Nc2 Kf4 54. a4 f5 55. gxf5 Bd5 56. f6 g4 57. Nd4 gxf3+ 58. Nxf3 Bxf3+ 59. Kf1 Bd5 60. a5 Bc4+ 61. Kg2 Bd5+ 62. Kf1 Bc4+ 63. Kg2 Ke5 64. a6 Kxf6 65. Kf3 e2 66. a7 e1Q 67. a8Q Qh1+ 0-1

[Event "Doeberl Cup 44th"]
[Site "Canberra"]
[Date "2006.04.14"]
[Round "2"]
[White "Obst, James"]
[Black "Chan, Jason"]
[Result "1-0"]
[WhiteElo "2065"]
[BlackElo "2044"]
[PlyCount "69"]
[EventDate "2006.04.14"]
[EventType "swiss"]
[EventRounds "7"]
[EventCountry "AUS"]
[SourceTitle "CBM 111 Extra"]
[Source "ChessBase"]
[SourceDate "2006.05.09"]
[SourceVersion "1"]
[SourceVersionDate "2006.05.09"]
[SourceQuality "1"]

1. e4 c5 2. Nf3 d6 3. d4 cxd4 4. Nxd4 Nf6 5. Nc3 a6 6. f3 e5 7. Nb3 Be6 8. Be3 Be7 9. Qd2 0-0 10. 0-0-0 b5 11. g4 Nbd7 12. g5 Nh5 13. Rg1 Qc7 14. Kb1 Nb6 15. Qf2 Rfb8 16. Qh4 b4 17. Nd5 Bxd5 18. Qxh5 Nc4 19. Bc1 Be6 20. f4 exf4 21. Bxf4 g6 22. Qh4 a5 23. Rg3 a4 24. Nd4 Bd7 25. Nf5 Bxf5 26. exf5 h5 27. fxg6 fxg6 28. Bc1 d5 29. Qd4 Rd8 30. Bg2 Ra5 31. Bh3 Qc6 32. Re1 Bc5 33. Qd3 Rd6 34. Bf4 Na3+ 35. Kc1 1-0

[Event "AUS-ch"]
[Site "Brisbane"]
[Date "2005.12.30"]
[Round "3"]
[White "Obst, James"]
[Black "Chandler, Murray G"]
[Result "0-1"]
[WhiteElo "2048"]
[BlackElo "2537"]
[PlyCount "56"]
[EventDate "2005.12.28"]
[EventType "swiss"]
[EventRounds "11"]
[EventCountry "AUS"]
[SourceTitle "CBM 110 Extra"]
[Source "ChessBase"]
[SourceDate "2006.03.10"]
[SourceVersion "2"]
[SourceVersionDate "2006.03.10"]
[SourceQuality "1"]

1. d4 Nf6 2. Bg5 c5 3. d5 Ne4 4. Bc1 g6 5. f3 Nd6 6. e4 Bg7 7. c3 f5 8. exf5 Nxf5 9. Bd3 e5 10. dxe6 Qh4+ 11. Kf1 dxe6 12. Qe1 Qd8 13. Bb5+ Nc6 14. Na3 0-0 15. Be3 Qb6 16. Bf2 a6 17. Bxc6 Qxc6 18. g4 Nd6 19. Qe3 b6 20. Rd1 Nf7 21. h4 Ne5 22. Rh3 h6 23. Rg3 Bb7 24. f4 Qa4 25. Rd6 Rxf4 26. Rxb6 Qd1+ 27. Qe1 Rxf2+ 28. Kxf2 Rf8+ 0-1

[Event "AUS-ch"]
[Site "Brisbane"]
[Date "2005.12.29"]
[Round "2"]
[White "Caoili, Arianne"]
[Black "Obst, James"]
[Result "0-1"]
[WhiteElo "2207"]
[BlackElo "2048"]
[PlyCount "80"]
[EventDate "2005.12.28"]
[EventType "swiss"]
[EventRounds "11"]
[EventCountry "AUS"]
[SourceTitle "CBM 110 Extra"]
[Source "ChessBase"]
[SourceDate "2006.03.10"]
[SourceVersion "2"]
[SourceVersionDate "2006.03.10"]
[SourceQuality "1"]

1. c4 Nf6 2. Nc3 e6 3. e4 d6 4. d4 c5 5. dxc5 Qa5 6. Bd3 Qxc5 7. Be3 Qc7 8. Qd2 a6 9. Nge2 Be7 10. f3 Nbd7 11. Rc1 b6 12. b3 Bb7 13. Nd4 0-0 14. 0-0 Rac8 15. Rfd1 Qb8 16. Bf1 Rfe8 17. Nc2 Bd8 18. Kh1 Bc7 19. Bf4 Ne5 20. Bxe5 dxe5 21. b4 Red8 22. Qe3 Rxd1 23. Rxd1 Rd8 24. Rb1 Rd7 25. c5 Qd8 26. Na1 Nh5 27. b5 axb5 28. Bxb5 Rd4 29. c6 Ba8 30. Nc2 Rd2 31. Nb4 Rd6 32. Qc1 h6 33. Qa3 Rd2 34. Qa7 Bd6 35. Qa4 Bxb4 36. Qxb4 Bxc6 37. Bf1 Qd4 38. Qb3 Nf4 39. Rc1 Qf2 40. Qc4 Nh3 0-1

[Event "AUS-ch"]
[Site "Brisbane"]
[Date "2005.12.28"]
[Round "1"]
[White "Obst, James"]
[Black "Goldenberg, Igor"]
[Result "1-0"]
[WhiteElo "2048"]
[BlackElo "2335"]
[PlyCount "111"]
[EventDate "2005.12.28"]
[EventType "swiss"]
[EventRounds "11"]
[EventCountry "AUS"]
[SourceTitle "CBM 110 Extra"]
[Source "ChessBase"]
[SourceDate "2006.03.10"]
[SourceVersion "2"]
[SourceVersionDate "2006.03.10"]
[SourceQuality "1"]

1. e4 c5 2. Nf3 d6 3. d4 cxd4 4. Qxd4 Nc6 5. Bb5 Bd7 6. Bxc6 Bxc6 7. Nc3 Nf6 8. Bg5 e6 9. 0-0-0 Be7 10. Qd3 0-0 11. Nd4 Qa5 12. h4 Rfd8 13. g4 Rab8 14. Rhg1 Be8 15. Bd2 Qa6 16. Qxa6 bxa6 17. g5 Nh5 18. Be3 Rb7 19. f4 Rc8 20. f5 Bd7 21. fxe6 fxe6 22. e5 d5 23. g6 Bc5 24. gxh7+ Kxh7 25. Rdf1 Be8 26. Nd1 Bxd4 27. Bxd4 Rb4 28. Rg4 Bb5 29. Rf2 Bd3 30. Ne3 Rb7 31. b3 g6 32. Kb2 Be4 33. Rg1 Kg7 34. Ka3 Rd7 35. c3 Kh7 36. Ng4 Re8 37. Ka4 Bf5 38. Ne3 Bd3 39. Rd1 Bb5+ 40. Ka5 Rb8 41. a4 Bc6 42. b4 Re8 43. Ng4 Rc7 44. Rdf1 Kg7 45. Nf6 Nxf6 46. Rxf6 Bb7 47. Rg1 Kh8 48. Rgxg6 Bc8 49. h5 Rh7 50. Rh6 Rxh6 51. Rxh6+ Kg7 52. Rg6+ Kf7 53. Rf6+ Ke7 54. Bc5+ Kd7 55. Rf7+ Kd8 56. h6 1-0

[Event "AUS Schools-chT Secondary"]
[Site "Sydney"]
[Date "2005.12.10"]
[Round "3.1"]
[White "Oliver, Gareth"]
[Black "Obst, James"]
[Result "1-0"]
[WhiteElo "2000"]
[BlackElo "1858"]
[PlyCount "99"]
[EventDate "2005.12.10"]
[EventType "tourn"]
[EventRounds "5"]
[EventCountry "AUS"]
[SourceTitle "EXT 2010"]
[Source "ChessBase"]
[SourceDate "2010.11.25"]
[SourceVersion "1"]
[SourceVersionDate "2010.11.25"]
[SourceQuality "1"]

1. d4 Nf6 2. c4 e5 3. dxe5 Ng4 4. Nf3 Nc6 5. a3 Bc5 6. e3 a5 7. b3 Ngxe5 8. Bb2 d6 9. Be2 0-0 10. 0-0 Nxf3+ 11. Bxf3 Ne5 12. Nc3 Qh4 13. h3 Rd8 14. Qe2 Bf5 15. Rad1 Nxf3+ 16. Qxf3 Bc2 17. Rd5 Bxb3 18. Rh5 Qxc4 19. Ne4 Qe6 20. Rxh7 Kf8 21. Bxg7+ Ke7 22. Bf6+ Kd7 23. Bxd8 Rxd8 24. Nxc5+ dxc5 25. Qxb7 Qb6 26. Qe4 Kc8 27. Qa8+ Qb8 28. Qxa5 Qb6 29. Qa8+ Qb8 30. Qxb8+ Kxb8 31. Rb1 Rd3 32. Rxf7 c4 33. Kf1 Rd2 34. Ke1 Ra2 35. Rf4 Ka7 36. Rxb3 cxb3 37. Ra4+ Kb6 38. Rb4+ Kc5 39. Rxb3 Kc4 40. Rb4+ Kc3 41. Ra4 c5 42. Ra8 c4 43. h4 Ra1+ 44. Ke2 Rh1 45. g3 Rh2 46. Rb8 Rh1 47. a4 Ra1 48. h5 Ra2+ 49. Kf3 Kd2 50. h6 1-0

[Event "AUS-ch op U18"]
[Site "Mount Buller"]
[Date "2005.01.16"]
[Round "7"]
[White "Ly, Moulthun"]
[Black "Obst, James"]
[Result "1-0"]
[WhiteElo "1881"]
[BlackElo "1942"]
[PlyCount "127"]
[EventDate "2005.01.11"]
[EventType "swiss"]
[EventRounds "11"]
[EventCountry "AUS"]
[SourceTitle "EXT 2009"]
[Source "ChessBase"]
[SourceDate "2008.11.26"]
[SourceVersion "1"]
[SourceVersionDate "2008.11.26"]
[SourceQuality "1"]

1. d4 Nf6 2. Nf3 g6 3. Nc3 d5 4. Bf4 Bg7 5. e3 c6 6. Be2 Qb6 7. a3 Ne4 8. 0-0 Nxc3 9. bxc3 Qa5 10. c4 dxc4 11. Bxc4 0-0 12. Qe2 Nd7 13. Rfd1 Nb6 14. Bb3 Qh5 15. Bg3 Nd5 16. Rd3 b5 17. Rc1 Nb6 18. Rc3 Bb7 19. Rc5 Qg4 20. h3 Qc8 21. Be5 Nd7 22. Bxg7 Kxg7 23. Rc3 Qd8 24. Rd3 Qa5 25. Qd2 Qxd2 26. Rxd2 a5 27. c4 b4 28. axb4 axb4 29. c5 e6 30. Rb2 Rfb8 31. Bc2 Ba6 32. Rcb1 Be2 33. Be4 Bxf3 34. Bxf3 Ra6 35. Rxb4 Rxb4 36. Rxb4 Kf8 37. Rb7 Ke7 38. Rc7 Kd8 39. Rxc6 Ra1+ 40. Kh2 Ra2 41. Kg3 h6 42. Be4 Ra3 43. Kf3 e5 44. Rd6 Ke7 45. Bc6 Nb8 46. Bb5 exd4 47. Rb6 Ra8 48. exd4 Kd8 49. Rb7 f5 50. Rb6 g5 51. Bd3 Ra3 52. Ke2 Ra2+ 53. Ke3 Nd7 54. Rxh6 f4+ 55. Ke4 Rxf2 56. Kd5 f3 57. gxf3 Rxf3 58. Be2 Rf4 59. Bb5 Nf6+ 60. Ke6 Ne4 61. Rh8+ Kc7 62. Rh7+ Kc8 63. c6 Rh4 64. Ba6+ 1-0

[Event "AUS-ch op U18"]
[Site "Mount Buller"]
[Date "2005.01.15"]
[Round "5"]
[White "Oliver, Gareth"]
[Black "Obst, James"]
[Result "0-1"]
[WhiteElo "1931"]
[BlackElo "1942"]
[PlyCount "130"]
[EventDate "2005.01.11"]
[EventType "swiss"]
[EventRounds "11"]
[EventCountry "AUS"]
[SourceTitle "EXT 2009"]
[Source "ChessBase"]
[SourceDate "2008.11.26"]
[SourceVersion "1"]
[SourceVersionDate "2008.11.26"]
[SourceQuality "1"]

1. d4 f5 2. e4 fxe4 3. Nc3 Nf6 4. Bg5 Nc6 5. d5 Ne5 6. Qe2 c6 7. 0-0-0 cxd5 8. Bxf6 gxf6 9. Qh5+ Nf7 10. Qxd5 Bh6+ 11. Kb1 e6 12. Qxe4 0-0 13. g4 d5 14. Qg2 Qa5 15. h4 Bg7 16. Bd3 Ne5 17. Nf3 Bd7 18. h5 Nxf3 19. Qxf3 Bh6 20. Qg3 Qb4 21. a3 Qf4 22. Qg2 Rf7 23. Rdf1 Rg7 24. Rhg1 Qd6 25. Qf3 Rf8 26. Rd1 a6 27. Ne2 b5 28. Nd4 Qb6 29. Qe2 Kh8 30. c3 Qd6 31. Rde1 Re8 32. Qf3 Qf4 33. Qxf4 Bxf4 34. f3 Rg5 35. Rd1 Rb8 36. Rge1 Re5 37. Rxe5 fxe5 38. Nb3 Rc8 39. Re1 Kg7 40. Kc2 h6 41. Kd1 Kf6 42. Ke2 Kg5 43. Kf2 Kf6 44. Re2 Ke7 45. Ke1 Rf8 46. Kf2 Kd6 47. Na5 Rc8 48. Rc2 Bg5 49. b4 Kc7 50. Nb3 Rf8 51. Kg3 Be7 52. Re2 Bd6 53. Kg2 Rf4 54. Nd2 e4 55. fxe4 Rxg4+ 56. Kf1 Rg3 57. Bc2 Rxc3 58. Nb1 Rh3 59. e5 Be7 60. Bg6 Bg5 61. Rc2+ Kd8 62. Rf2 Re3 63. Rf8+ Kc7 64. Ra8 Bc8 65. Be8 Bb7 0-1

[Event "Australian op"]
[Site "Mount Buller"]
[Date "2005.01.08"]
[Round "10"]
[White "Ali, Mosaddeque"]
[Black "Obst, James"]
[Result "0-1"]
[WhiteElo "2041"]
[BlackElo "1858"]
[PlyCount "94"]
[EventDate "2004.12.28"]
[EventType "swiss"]
[EventRounds "11"]
[EventCountry "AUS"]
[SourceTitle "CBM 104 Extra"]
[Source "ChessBase"]
[SourceDate "2005.03.01"]
[SourceVersion "1"]
[SourceVersionDate "2005.03.01"]
[SourceQuality "1"]

1. f4 g6 2. Nf3 Bg7 3. g3 c6 4. Bg2 d5 5. e3 h5 6. d3 Nh6 7. c3 Qb6 8. Qe2 Bg4 9. h3 Bxf3 10. Qxf3 Nd7 11. Na3 0-0-0 12. e4 dxe4 13. dxe4 Nc5 14. Bf1 Rd7 15. Nc4 Qc7 16. Be3 Nd3+ 17. Bxd3 Rxd3 18. Rd1 Rxd1+ 19. Qxd1 b5 20. Nd2 Rd8 21. Qe2 Qa5 22. Nb3 Qxa2 23. Qc2 a5 24. Bb6 Rd6 25. e5 Rd5 26. Bxa5 Nf5 27. Kf2 Qa4 28. Rd1 h4 29. Rxd5 hxg3+ 30. Kg2 cxd5 31. Bb6 Qxf4 32. Qe2 Bxe5 33. Qxb5 Qe4+ 34. Kg1 Qb1+ 35. Qf1 Qxf1+ 36. Kxf1 Kb7 37. Bd8 Kc6 38. Nd2 Kb5 39. Nf3 Bf6 40. Ke2 Nh4 41. Nd4+ Bxd4 42. cxd4 Nf5 43. Kf3 Kc4 44. h4 Kb3 45. Bxe7 Nxe7 46. Kxg3 Nf5+ 47. Kf4 Nxh4 0-1

[Event "Australian op"]
[Site "Mount Buller"]
[Date "2004.12.31"]
[Round "4"]
[White "Obst, James"]
[Black "Neudel, Bernd"]
[Result "1-0"]
[WhiteElo "1858"]
[BlackElo "1909"]
[PlyCount "116"]
[EventDate "2004.12.28"]
[EventType "swiss"]
[EventRounds "11"]
[EventCountry "AUS"]
[SourceTitle "CBM 104 Extra"]
[Source "ChessBase"]
[SourceDate "2005.03.01"]
[SourceVersion "1"]
[SourceVersionDate "2005.03.01"]
[SourceQuality "1"]

1. e4 c5 2. Nf3 d6 3. b3 Nf6 4. Bd3 Bg4 5. Bb2 e6 6. h3 Bh5 7. g4 Bg6 8. e5 dxe5 9. Bxg6 hxg6 10. Nxe5 Qd5 11. f3 a6 12. Qe2 Nbd7 13. c4 Qd6 14. f4 Nxe5 15. fxe5 Qc6 16. Rf1 Ng8 17. Qe3 Be7 18. Qf3 Qxf3 19. Rxf3 Bh4+ 20. Ke2 Ne7 21. Nc3 Nc6 22. Ne4 Be7 23. Raf1 Rf8 24. h4 b6 25. h5 gxh5 26. gxh5 Nd8 27. Rg1 Rg8 28. Rfg3 Kf8 29. d3 Nc6 30. Bc1 Nd4+ 31. Kf1 Nf5 32. Rg4 Rh8 33. Ng3 Nxg3+ 34. R4xg3 Rxh5 35. Rxg7 Ke8 36. Rg8+ Bf8 37. Bg5 Kd7 38. Ke1 Re8 39. Bf6 Rh3 40. a4 Rxd3 41. Ke2 Rd4 42. Rh8 Be7 43. Rxe8 Kxe8 44. Rg8+ Kd7 45. Ra8 Bxf6 46. Ra7+ Kc6 47. exf6 Rd7 48. Ra8 e5 49. Rc8+ Rc7 50. Re8 Kd6 51. Ke3 Kd7 52. Rxe5 Rc6 53. Re7+ Kd8 54. Rxf7 Ke8 55. Ra7 Rxf6 56. Rxa6 Kd7 57. a5 Kc7 58. Rxb6 Rh6 1-0

[Event "Australian Masters U20"]
[Site "Canberra"]
[Date "2004.04.18"]
[Round "9"]
[White "Obst, James"]
[Black "Stojic, Dusan"]
[Result "0-1"]
[WhiteElo "1833"]
[BlackElo "1935"]
[PlyCount "138"]
[EventDate "2004.04.??"]
[EventType "tourn"]
[EventRounds "9"]
[EventCountry "AUS"]
[SourceTitle "EXT 2006"]
[Source "ChessBase"]
[SourceDate "2005.11.24"]
[SourceVersion "1"]
[SourceVersionDate "2005.11.24"]
[SourceQuality "1"]

1. e4 c5 2. Nc3 d6 3. f4 Nc6 4. Nf3 g6 5. Bc4 Bg7 6. 0-0 Nf6 7. d3 0-0 8. Qe1 Nd4 9. Nxd4 cxd4 10. Ne2 d5 11. exd5 Nxd5 12. Ng3 a6 13. Bxd5 Qxd5 14. Qxe7 Be6 15. f5 Bxf5 16. Nxf5 gxf5 17. Qh4 Rac8 18. Bh6 Rc6 19. Bxg7 Kxg7 20. Rf3 Re8 21. Qg5+ Rg6 22. Qxf5 Qxf5 23. Rxf5 Re2 24. Rf2 Rge6 25. Raf1 f6 26. g3 Kg6 27. Rxe2 Rxe2 28. Rf2 Re1+ 29. Kg2 Ra1 30. a3 Ra2 31. b3 Rxa3 32. Kf3 f5 33. Kf4 Kf6 34. g4 Ra1 35. g5+ Kg6 36. Ke5 Re1+ 37. Kxd4 Kxg5 38. Rg2+ Kh4 39. Rg7 h5 40. Rxb7 f4 41. Rf7 Kg4 42. c4 Re2 43. Kc5 Rxh2 44. d4 h4 45. Kc6 Rd2 46. d5 h3 47. d6 h2 48. Rh7 Kg3 49. d7 f3 50. Kc7 f2 51. Rg7+ Kf3 52. Rf7+ Kg2 53. Rg7+ Kf3 54. Rf7+ Ke2 55. Rh7 Rxd7+ 56. Kxd7 f1Q 57. Rxh2+ Kd3 58. Ra2 Qf7+ 59. Kc6 Qa7 60. c5 Kc3 61. Ra1 Kxb3 62. Rb1+ Kc4 63. Rc1+ Kd4 64. Rd1+ Ke5 65. Re1+ Kf6 66. Re6+ Kf7 67. Rd6 Ke7 68. Rh6 Qd7+ 69. Kb6 Qb5+ 0-1

[Event "Doeberl Cup Major 42nd"]
[Site "Canberra"]
[Date "2004.04.11"]
[Round "6"]
[White "Ilic, Ilija"]
[Black "Obst, James"]
[Result "1/2-1/2"]
[WhiteElo "1998"]
[BlackElo "1833"]
[PlyCount "90"]
[EventDate "2004.04.09"]
[EventType "swiss"]
[EventRounds "7"]
[EventCountry "AUS"]
[SourceTitle "EXT 2006"]
[Source "ChessBase"]
[SourceDate "2005.11.24"]
[SourceVersion "1"]
[SourceVersionDate "2005.11.24"]
[SourceQuality "1"]

1. d4 Nf6 2. Nc3 d5 3. Bf4 c5 4. e3 e6 5. Nf3 Be7 6. Be2 0-0 7. 0-0 a6 8. Ne5 b5 9. a3 Bb7 10. Bf3 Nbd7 11. dxc5 Nxc5 12. b4 Ncd7 13. Ne2 Nb6 14. Nd4 Rc8 15. Nb3 Nfd7 16. Nxd7 Qxd7 17. Ra2 Na4 18. Be5 f6 19. Ba1 Qc7 20. Be2 Bd6 21. h3 f5 22. f4 Qe7 23. Nd4 e5 24. Nb3 Nc3 25. Bxc3 Rxc3 26. Qd2 Rc7 27. Bf3 e4 28. Bd1 g5 29. g3 gxf4 30. gxf4 Qh4 31. Kh2 Rg7 32. Qf2 Qh6 33. Nd4 Bc8 34. c3 Rf6 35. Rg1 Qxh3+ 36. Kxh3 Rh6+ 37. Qh4 Rxh4+ 38. Kxh4 Rxg1 39. Bb3 h5 40. Bxd5+ Kg7 41. Kh3 Rc1 42. Rc2 Re1 43. Re2 Rc1 44. Nc2 Rd1 45. Nd4 Rc1 1/2-1/2

[Event "AUS-ch op U20"]
[Site "Perth "]
[Date "2004.01.20"]
[Round "7"]
[White "Obst, James"]
[Black "Neeman, Jeremy"]
[Result "0-1"]
[WhiteElo "1539"]
[BlackElo "1548"]
[PlyCount "100"]
[EventDate "2004.01.14"]
[EventType "swiss"]
[EventRounds "11"]
[EventCountry "AUS"]
[SourceTitle "EXT 2006"]
[Source "ChessBase"]
[SourceDate "2005.11.24"]
[SourceVersion "1"]
[SourceVersionDate "2005.11.24"]
[SourceQuality "1"]

1. e4 c5 2. c3 Nf6 3. e5 Nd5 4. d4 cxd4 5. Nf3 e6 6. cxd4 b6 7. Nc3 Bb7 8. Bd3 Na6 9. 0-0 Nab4 10. Bb1 Rc8 11. Ne4 Qc7 12. a3 Nc2 13. Ra2 Ba6 14. b3 Na1 15. Bd3 Bxd3 16. Qxd3 Qxc1 17. Rxa1 Qc6 18. Nfd2 Be7 19. Nc4 0-0 20. Ncd6 Bxd6 21. Nxd6 Nf4 22. Qe4 Qxe4 23. Nxe4 Ne2+ 24. Kh1 Nxd4 25. Rad1 Nxb3 26. Rxd7 Nc5 27. Nxc5 bxc5 28. Rfd1 c4 29. g3 c3 30. Kg2 g6 31. Rc1 a5 32. Rc2 Rc5 33. f4 Rb8 34. Rd1 Rb2 35. Rdc1 a4 36. Kf3 Rb3 37. Ra1 Kg7 38. Raa2 f6 39. Ke4 fxe5 40. fxe5 Kh6 41. Rf2 Kg5 42. Kd4 Rd5+ 43. Ke4 Rd1 44. Ke3 h5 45. h4+ Kg4 46. Ke2 Rd5 47. Rf4+ Kxg3 48. Rxa4 Rxe5+ 49. Kd3 Re1 50. Kc4 Rb2 0-1